Ekonomický charakter dane z príjmov právnických osôb diplomová práca

Na minha lista:
Detalhes bibliográficos
Autor principal: Lipková, Katarína, 1976-
Autor Corporativo: Národohospodárska fakulta EU. Katedra financií
Outros Autores: Geško, Martin
Formato: Livro
Idioma:eslovaco
Publicado em: Bratislava 2015
Tags: Adicionar Tag
Sem tags, seja o primeiro a adicionar uma tag!

MARC

LEADER 00000nbm a2200000 4500
001 0201121
005 20240627114016.5
041 0 |a slo 
044 |a SK 
245 1 0 |a Ekonomický charakter dane z príjmov právnických osôb  |b diplomová práca  |c Katarína Lipková ; školiteľ: Martin Geško 
264 1 |a Bratislava  |c 2015 
300 |a 50 s. 
100 1 |a Lipková, Katarína, 1976- 
700 1 |a Geško, Martin 
710 2 |a Národohospodárska fakulta EU. Katedra financií